| 000 | 00845nam a2200229 a 4500 | ||
|---|---|---|---|
| 001 | 000047054 | ||
| 005 | 20201002053324.0 | ||
| 008 | 150602s2015 dr a 000 0 spa d | ||
| 040 |
_aDO-SdBNP _bspa _cBNPHU |
||
| 082 |
_axxxx _bxxxx |
||
| 100 | 1 |
_aJesús de la Rosa, María del _929833 |
|
| 245 | 1 | 0 |
_aPequeño tesoro : _bnivel inicial, 2 años de edad / _cMaría del Jesús de la Rosa ; ilustraciones Henri Cid ; Corrección de texto Danilda Pérez. |
| 260 |
_aSanto Domingo : _bActualidad escolar 2000, _c2015. |
||
| 300 |
_a2v. : _bil. ; _c22 cm. |
||
| 490 | _aVeraz | ||
| 500 | _aLibros para niños de 2 a años de edad. | ||
| 505 | 0 |
_av. 1 : _tLibro de texto -- _gv. 2 : _tCuaderono del maestro |
|
| 590 | _aInventariado, 2018/VM | ||
| 700 | 1 |
_aPérez, Danilda _ecorr. _973778 |
|
| 700 | 1 |
_aCid, Henri _eil. _974002 |
|
| 830 | 0 | 0 |
_aVeraz _974848 |
| 999 |
_c46542 _d46542 |
||